00229nam a2200097Ia 4500008004100000041001200041100001400053245005200067260000600119650000600125221030s9999 xx 000 0 und d aEnglish aR. Jindal 0aCompilers - Construction & Designcby R. Jindal c0 aB